Choking on modernity: A human ecology of air pollution (Record no. 97044)

000 -LEADER
fixed length control field 00410pab a2200169 454500
008 - FIXED-LENGTH DATA ELEMENTS--GENERAL INFORMATION
fixed length control field 180718b2012 xxu||||| |||| 00| 0 eng d
100 ## - MAIN ENTRY--PERSONAL NAME
Personal name York, Richard
245 ## - TITLE STATEMENT
Title Choking on modernity: A human ecology of air pollution
260 ## - PUBLICATION, DISTRIBUTION, ETC.
Date of publication, distribution, etc. 2012
300 ## - PHYSICAL DESCRIPTION
Extent p.282-300.
362 ## - DATES OF PUBLICATION AND/OR SEQUENTIAL DESIGNATION
Dates of publication and/or sequential designation May
650 ## - SUBJECT ADDED ENTRY--TOPICAL TERM
Topical term or geographic name entry element Air pollution
700 ## - ADDED ENTRY--PERSONAL NAME
Personal name Rosa, Eugene A.
773 ## - HOST ITEM ENTRY
Main entry heading Social Problems
908 ## - PUT COMMAND PARAMETER (RLIN)
Put command parameter N
909 ## -
-- 97044
Holdings
Withdrawn status Lost status Damaged status Not for loan Permanent Location Current Location Date acquired Serial Enumeration / chronology Barcode Date last seen Price effective from Koha item type
        Indian Institute of Public Administration Indian Institute of Public Administration 2018-07-19 Volume no: 59, Issue no: 2 AR97504 2018-07-19 2018-07-19 Articles

Powered by Koha